| 000 | 00674nam a22002297a 4500 | ||
|---|---|---|---|
| 999 |
_c7913 _d7913 |
||
| 001 | 7913 | ||
| 003 | BD-JhCC | ||
| 005 | 20180217111956.0 | ||
| 008 | 171016s1991 bg |||| ||a| 000 0 ben d | ||
| 020 | _a9841200074 | ||
| 035 | _a(BD-JhCC)7913 | ||
| 040 |
_aBD-JhCC _dBD-JhCC |
||
| 041 | _aben | ||
| 082 |
_a641.1 _bOSM 1991 |
||
| 100 | _aওসমান, শওকত | ||
| 245 |
_aউপদেশ কূপ-দেশ / _cশওকত ওসমান |
||
| 260 |
_aঢাকা : _bজাতীয় সাহিত্য প্রকাশনী, _c1991. |
||
| 300 |
_a69 p. : _c21 cm. |
||
| 650 | _aChild Learning | ||
| 942 |
_2ddc _cBK |
||